000 00316nam a22001337a 4500
008 181023b xxu||||| |||| 00| 0 eng d
020 _a2740294080194
041 _aeng
080 _27 ed
_a610
100 _a3
101 _ashm
245 _aMedical Terminology For Health Profedions
_cAnn.e
942 _2udc
_cBK
999 _c50588
_d50588